Chemistry (Record no. 244394)

MARC details
000 -LEADER
fixed length control field 00325pam a2200145 a 4500
020 ## - INTERNATIONAL STANDARD BOOK NUMBER
International Standard Book Number 978-0-07-064819-7
Terms of availability
041 ## - LANGUAGE CODE
Language code of original
082 ## - DEWEY DECIMAL CLASSIFICATION NUMBER
Classification number 620.1
100 ## - MAIN ENTRY--PERSONAL NAME
Personal name Chang R.
Relator term Author
245 ## - TITLE STATEMENT
Title Chemistry
Statement of responsibility, etc. Chang R.
Medium Textual Documents
250 ## - EDITION STATEMENT
Edition statement 9th Ed.
260 ## - PUBLICATION, DISTRIBUTION, ETC.
Name of publisher, distributor, etc. Tata McGraw Hill
Date of publication, distribution, etc. 2010
300 ## - PHYSICAL DESCRIPTION
Extent 1063
930 ## - EQUIVALENCE OR CROSS-REFERENCE-UNIFORM TITLE HEADING [LOCAL, CANADA]
Uniform title 170
Holdings
Withdrawn status Lost status Damaged status Not for loan Collection Home library Current library Date acquired Source of acquisition Cost, normal purchase price Total Checkouts Full call number Barcode Date last seen Copy number Price effective from Koha item type
          College of Engineering, Lavale, Pune College of Engineering, Lavale, Pune 01/01/1900 BMSGB Ltd. 625.00   620.1 ECL-00540 03/04/2023 5 03/04/2023 Book
          College of Engineering, Lavale, Pune College of Engineering, Lavale, Pune 01/01/1900 BMSGB Ltd. 625.00   620.1 ECL-00539 03/04/2023 4 03/04/2023 Book
          College of Engineering, Lavale, Pune College of Engineering, Lavale, Pune 01/01/1900 BMSGB Ltd. 625.00   620.1 ECL-00538 03/04/2023 3 03/04/2023 Book
          College of Engineering, Lavale, Pune College of Engineering, Lavale, Pune 01/01/1900 BMSGB Ltd. 625.00   620.1 ECL-00537 03/04/2023 2 03/04/2023 Book
          College of Engineering, Lavale, Pune College of Engineering, Lavale, Pune 01/01/1900 BMSGB Ltd. 625.00   620.1 ECL-00536 03/04/2023 1 03/04/2023 Book